书目信息 |
| 题名: |
长风破浪
|
|
| 作者: | ;外研社社史编写组 编著 | |
| 分册: | 上册 | |
| 出版信息: | 北京 外语教学与研究出版社 2020.01 |
|
| 页数: | 546页 | |
| 开本: | 25cm | |
| 丛书名: | ||
| 单 册: | ||
| 中图分类: | G239.22 | |
| 科图分类: | ||
| 主题词: | ||
| 电子资源: | ||
| ISBN: | 978-7-5213-1178-5 | |
| 000 | 01102nam0 2200241 450 | |
| 001 | 0109110028 | |
| 005 | 20201109161401.03 | |
| 010 | @a978-7-5213-1178-5@b精装@dCNY98.00 | |
| 100 | @a20200713d2020 em y0chiy50 ea | |
| 101 | 0 | @achi |
| 102 | @aCN@b110000 | |
| 105 | @aak z 000yy | |
| 106 | @ar | |
| 200 | 1 | @a长风破浪@Achang feng po lang@e外研社40年改革发展史@e1979-2019@h上册@f外研社社史编写组编著 |
| 210 | @a北京@c外语教学与研究出版社@d2020.01 | |
| 215 | @a546页@c照片@d25cm | |
| 330 | @a本书包含全书第三章第五节至第六章的内容,大致记述了外语教学与研究出版社从2010年到2019年的发展轨迹。此外,第五章为外研社40年来的发展经验总结,第六章为大事记、人物志、获奖产品和重点产品汇总。书中配以适量的珍贵图片,图文并茂地展示外研社40年来艰苦创业的奋斗历程。 | |
| 517 | 1 | @a外研社40年改革发展史@Awai yan she 40 nian gai ge fa zhan shi |
| 601 | 02 | @a外语教学与研究出版社@Awai yu jiao xue yu yan jiu chu ban she@x新闻事业史@z1979@x2019 |
| 690 | @aG239.22@v5 | |
| 711 | 02 | @a外研社社史编写组@Awai yan she she shi bian xie zu@4编著 |
| 801 | 0 | @aCN@bBJSZM@c20201103 |
| 905 | @b1264281-5@dG239.22@e115:1@f5 | |
| 长风破浪:外研社40年改革发展史:1979-2019.上册/外研社社史编写组编著.-北京:外语教学与研究出版社,2020.01 |
| 546页:照片;25cm |
| ISBN 978-7-5213-1178-5(精装):CNY98.00 |
| 本书包含全书第三章第五节至第六章的内容,大致记述了外语教学与研究出版社从2010年到2019年的发展轨迹。此外,第五章为外研社40年来的发展经验总结,第六章为大事记、人物志、获奖产品和重点产品汇总。书中配以适量的珍贵图片,图文并茂地展示外研社40年来艰苦创业的奋斗历程。 |
| ● |
| 相关链接 |
|
|
|
|
正题名:长风破浪
索取号:G239.22/115:1
 
预约/预借
| 序号 | 登录号 | 条形码 | 馆藏地/架位号 | 状态 | 备注 |
| 1 | 1264281 | 212642817 | 第一样本阅览室/ [索取号:G239.22/115:1] | 在馆 | |
| 2 | 1264282 | 212642826 | 教育系资料室/ [索取号:G239.22/115:1] | 在馆 | |
| 3 | 1264283 | 212642835 | 教育系资料室/ [索取号:G239.22/115:1] | 在馆 | |
| 4 | 1264284 | 212642844 | 第四借阅区/ [索取号:G239.22/115:1] | 在馆 | |
| 5 | 1264285 | 212642853 | 第四借阅区/ [索取号:G239.22/115:1] | 在馆 |